000 00296nam a22001337a 4500
003 SGT
082 _a618.92
_bC110G
100 _aGLASPER, ALAN
245 _aTB. OF CHILDREN'S AND YOUNG PEOPLE'S NURSING
250 _a2ND
260 _aUK
_bELSEVIER
_c2010
300 _a762
942 _2ddc
_cBK
999 _c15211
_d15211